[Event "IECC P email"]
[Site "IECC email"]
[Date "1999.08.07"]
[Round "?"]
[White "Wylie, Richard"]
[Black "Alsop, Christopher"]
[Result "1/2-1/2"]
[WhiteElo "1219"]
[BlackElo "1078"]
[PlyCount "106"]
[EventDate "1999.??.??"]
[EventType "tourn (corr)"]
[EventRounds "6"]
[SourceTitle "Corr 2008"]
[Source "ChessBase"]
[SourceDate "2008.06.24"]
[SourceVersion "1"]
[SourceVersionDate "2008.06.24"]
[SourceQuality "1"]

1. e4 e5 2. d4 exd4 3. Qxd4 Nc6 4. Qe3 Nf6 5. Bd3 Bb4+ 6. c3 Ba5 7. Qg3 0-0 8. Bh6 Nh5 9. Qg5 Qxg5 10. Bxg5 Re8 11. Nf3 f5 12. Bc4+ Kh8 13. 0-0 h6 14. Bf7 Rxe4 15. Be3 Nf6 16. Nbd2 Re7 17. Bg6 Nd5 18. Nc4 d6 19. Nh4 Re4 20. b4 Rxc4 21. Bf7 Rxh4 22. Bxd5 Bb6 23. Bxb6 axb6 24. f4 b5 25. Rf3 Ne7 26. Bf7 Rg4 27. g3 Bd7 28. Re3 Ng6 29. h3 Rxg3+ 30. Rxg3 Nxf4 31. Re3 Rf8 32. Re7 Nxh3+ 33. Kf1 Rd8 34. Rd1 Nf4 35. Rd4 g5 36. Rd2 h5 37. Bxh5 Nxh5 38. Rh2 Be8 39. Rxe8+ Rxe8 40. Rxh5+ Kg7 41. Rxg5+ Kf6 42. Rg3 Ra8 43. Rg2 Ra3 44. Rc2 f4 45. c4 Ra4 46. cxb5 Rxb4 47. a4 Rxa4 48. Rxc7 Ra1+ 49. Ke2 Ra7 50. b6 Ra2+ 51. Kf3 Ke5 52. Re7+ Kd5 53. Rxb7 Kc6 1/2-1/2

[Event "IECC CL7-1999.05"]
[Site "IECC email"]
[Date "1998.12.12"]
[Round "?"]
[White "Alsop, Christopher"]
[Black "Kenney, Brad"]
[Result "1-0"]
[WhiteElo "1038"]
[BlackElo "1114"]
[PlyCount "23"]
[EventDate "1999.??.??"]
[EventType "tourn (corr)"]
[EventRounds "4"]
[SourceTitle "Corr 2008"]
[Source "ChessBase"]
[SourceDate "2008.06.24"]
[SourceVersion "1"]
[SourceVersionDate "2008.06.24"]
[SourceQuality "1"]

1. e4 c6 2. d4 d5 3. e5 Bf5 4. Bd3 Bxd3 5. Qxd3 e6 6. Ne2 Qa5+ 7. Bd2 Qa6 8. Qxa6 Nxa6 9. Nbc3 Ne7 10. 0-0-0 Ng6 11. h4 Be7 12. h5 1-0